Management mrtvého dřeva v hospodářských lesích : certifikovaná metodika /

Hlavní autor: Bače, Radek
Další autoři: Svoboda, Miroslav, 1977 červen 25.-
Jazyk: Čeština
Vydáno: Strnady : Výzkumný ústav lesního hospodářství a myslivosti, v.v.i., 2016
Edice: Lesnický průvodce
Témata:
Fyzický popis: 44 stran : barevné ilustrace, 1 mapa ; 21 cm
Language note: Anglická resumé
Knihy
Uloženo v:
LEADER 01941nam a2200505 i 4500
001 nkc20162858655
003 CZ PrNK
005 20170209105132.0
007 ta
008 170104s2016 xr ab f 000 0 cze
015 |a cnb002858655 
020 |a 978-80-7417-118-5  |q (brožováno) 
035 |a (OCoLC)972597326 
040 |a ABA001  |b cze  |e rda 
041 0 |a cze  |b eng 
072 7 |a 630  |x Lesnictví  |2 Konspekt  |9 24 
080 |a 630.81-026.82  |2 MRF 
080 |a 630  |2 MRF 
080 |a (083.744)  |2 MRF 
100 1 |a Bače, Radek  |7 jo2017937891  |4 aut 
245 1 0 |a Management mrtvého dřeva v hospodářských lesích :  |b certifikovaná metodika /  |c Radek Bače, Miroslav Svoboda 
264 1 |a Strnady :  |b Výzkumný ústav lesního hospodářství a myslivosti, v.v.i.,  |c 2016 
300 |a 44 stran :  |b barevné ilustrace, 1 mapa ;  |c 21 cm 
336 |a text  |b txt  |2 rdacontent 
337 |a bez média  |b n  |2 rdamedia 
338 |a svazek  |b nc  |2 rdacarrier 
490 1 |a Certifikované metodiky pro praxi 
490 1 |a Lesnický průvodce,  |x 0862-7657 ;  |v 6/2016 
500 |a Terminologický slovník 
504 |a Obsahuje bibliografie 
546 |a Anglická resumé 
650 0 7 |a mrtvé dřevo  |7 ph717123  |2 czenas 
650 0 7 |a lesní hospodářství  |7 ph115114  |2 czenas 
650 0 9 |a dead wood  |2 eczenas 
650 0 9 |a forest management  |2 eczenas 
655 7 |a certifikované metodiky  |7 fd806827  |2 czenas 
655 9 |a certified methodology  |2 eczenas 
700 1 |a Svoboda, Miroslav,  |d 1977 červen 25.-  |7 mzk2009502260  |4 aut 
810 2 |a Výzkumný ústav lesního hospodářství a myslivosti.  |t Metodiky  |0 s 
830 0 |a Lesnický průvodce  |0 s 
910 2 |a BOA001  |b 2-1379.957 
990 |a BK 
995 |a 01 
996 6 |b 2610692742  |c 2-1379.957  |l MZK  |r Sklad / do 1 hodiny  |n 0  |p p.v.  |w 001594773  |u 000010  |a 1  |e BOA001  |j MZK50  |s P 
996 7 |b 2610697072  |c 2-1379.957  |l MZK  |r Sklad / do 1 hodiny  |n 0  |p dar  |w 001594773  |u 000020  |a 1  |e BOA001  |j MZK50  |s A